000 nam a22 7a 4500
999 _c10460
_d10460
008 180217b ||||| |||| 00| 0 eng d
100 _aJoseph, B
_96275
245 _aConnect with computer - II
260 _aNew Delhi
_bEduline Publication
_c2013